Segundo ejercicio : (Record no. 150995)

MARC details
000 -LEADER
campo de control de longitud fija 00819nam a2200241 i 4500
001 - NÚMERO DE CONTROL
campo de control 150995
003 - IDENTIFICADOR DE NÚMERO DE CONTROL
campo de control ES-MaACL
005 - FECHA Y HORA DE LA ÚLTIMA TRANSACCIÓN
campo de control 20230906203807.0
007 - CAMPO FIJO DE DESCRIPCIÓN FÍSICA--INFORMACIÓN GENERAL
campo de control de longitud fija t|
008 - DATOS DE LONGITUD FIJA--INFORMACIÓN GENERAL
campo de control de longitud fija 071126s1969 sp ||||1| spa d
080 ## - NÚMERO DE LA CLASIFICACIÓN DECIMAL UNIVERSAL
Número de la Clasificación Decimal Universal 619:351.779.8(46)(078)
100 1# - ENTRADA PRINCIPAL--NOMBRE DE PERSONA
Nombre de persona Alonso Núñez, Manuel.
9 (RLIN) 20373
245 10 - MENCIÓN DEL TÍTULO
Título Segundo ejercicio :
Resto del título Cuerpo Nacional Veterinario /
Mención de responsabilidad, etc. Manuel Alonso Núñez, Pablo Gredilla Rodríguez, Benito Talegón Heras.
260 ## - PUBLICACIÓN, DISTRIBUCIÓN, ETC.
Lugar de publicación, distribución, etc. Madrid :
Nombre del editor, distribuidor, etc. Pons,
Fecha de publicación, distribución, etc. 1969.
300 ## - DESCRIPCIÓN FÍSICA
Extensión 2 v. ;
Dimensiones 31 cm.
490 1# - MENCIÓN DE SERIE
Mención de serie Contestaciones Pons
610 27 - PUNTO DE ACCESO ADICIONAL DE MATERIA--NOMBRE DE ENTIDAD CORPORATIVA
Nombre de entidad corporativa o nombre de jurisdicción como elemento de entrada Cuerpo Nacional Veterinario-
Subdivisión de forma Contestaciones para oposiciones.
9 (RLIN) 3356
700 1# - ENTRADA AGREGADA--NOMBRE PERSONAL
Nombre de persona Gredilla Rodríguez, Pablo.
9 (RLIN) 59824
700 1# - ENTRADA AGREGADA--NOMBRE PERSONAL
Nombre de persona Talegón Heras, Benito.
9 (RLIN) 109119
830 1# - PUNTO DE ACCESO ADICIONAL DE SERIE-TÍTULO UNIFORME
Título uniforme Contestaciones Pons
9 (RLIN) 181920
852 4# - LOCALIZACIÓN
Ubicación ES-MaACL
Número de control de estantería P-1452
Holdings
Estatus retirado Estado de pérdida Estado de daño No para préstamo Biblioteca de origen Biblioteca actual Ubicación en estantería Fecha de adquisición Fuente de adquisición Total de préstamos Signatura topográfica completa Código de barras Visto por última vez Precio de reemplazo Tipo de ítem Koha
        Biblioteca del Ateneo de Madrid Biblioteca del Ateneo de Madrid Depósito 2 17/01/2008     P-1452 1157560 23/02/2023 23/02/2023 Libro impreso